Countries by a Two-Letter Portion of Their Name - Statistics

General Stats
  • This quiz has been taken 2,484 times
  • The average score is 157 of 196
Answers on the Map
Answers color-coded by a green-red scale on the quiz's map according to % correct below.
 
Answer Stats
Country % Correct
Bosnia and Herzegovina
99%
Central African Republic
98%
Dominican Republic
98%
Equatorial Guinea
97%
Marshall Islands
97%
Saint Vincent and the Grenadines
97%
San Marino
97%
São Tomé and Príncipe
97%
United Arab Emirates
97%
Australia
96%
Canada
96%
Saint Kitts and Nevis
96%
Democratic Republic of the Congo
95%
Papua New Guinea
95%
Solomon Islands
95%
United States
95%
Vatican City
95%
Federated States of Micronesia
94%
Liechtenstein
94%
Madagascar
94%
Mauritania
94%
North Macedonia
94%
Russia
94%
Saudi Arabia
94%
Suriname
94%
Trinidad and Tobago
94%
Tunisia
94%
Turkmenistan
94%
United Kingdom
94%
Antigua and Barbuda
93%
Argentina
93%
Belarus
93%
Cambodia
93%
Cameroon
93%
China
93%
Finland
93%
Lithuania
93%
Somalia
93%
Costa Rica
92%
Dominica
92%
Guinea-Bissau
92%
Nicaragua
92%
South Africa
92%
Brunei
91%
Burkina Faso
91%
Indonesia
91%
Ireland
91%
New Zealand
91%
Romania
91%
Saint Lucia
91%
Armenia
90%
Burundi
90%
Cape Verde
90%
Germany
90%
Jamaica
90%
Malaysia
90%
Myanmar
90%
Netherlands
90%
Panama
90%
Spain
90%
Switzerland
90%
Albania
89%
Bangladesh
89%
Botswana
89%
Czech Republic
89%
Denmark
89%
France
89%
Lebanon
89%
Philippines
89%
South Sudan
89%
Afghanistan
88%
Algeria
88%
Brazil
88%
Guatemala
88%
Monaco
88%
Pakistan
88%
Poland
88%
Seychelles
88%
Austria
87%
Eswatini
87%
Hungary
87%
Iceland
87%
Kazakhstan
87%
Mexico
87%
Mongolia
87%
Montenegro
87%
Republic of the Congo
87%
Senegal
87%
Ukraine
87%
Benin
86%
Bolivia
86%
Chile
86%
India
86%
Sri Lanka
86%
Tanzania
86%
Thailand
86%
Uzbekistan
86%
Comoros
85%
Iran
85%
Japan
85%
Liberia
85%
Azerbaijan
84%
Chad
84%
Mali
84%
Mauritius
84%
Morocco
84%
Palau
84%
Guinea
83%
Maldives
83%
Nigeria
83%
Portugal
83%
Singapore
83%
Colombia
82%
Oman
82%
Sierra Leone
82%
Guyana
81%
Malawi
81%
Peru
81%
Sudan
81%
Vanuatu
81%
Venezuela
80%
Ghana
79%
Kyrgyzstan
79%
Nauru
79%
Nepal
79%
Slovenia
79%
Tajikistan
79%
Angola
78%
Bulgaria
78%
Malta
77%
Paraguay
77%
Uruguay
77%
El Salvador
76%
Estonia
76%
Italy
76%
Samoa
76%
Sweden
76%
Bahrain
75%
Bhutan
75%
East Timor
75%
Namibia
75%
North Korea
75%
Yemen
75%
Andorra
74%
Taiwan
74%
Belize
73%
Mozambique
73%
Norway
73%
Uganda
73%
Ethiopia
72%
Bahamas
71%
Ivory Coast
71%
Latvia
71%
Niger
71%
Rwanda
71%
Vietnam
71%
Cyprus
70%
Jordan
70%
Turkey
70%
Tuvalu
70%
Kiribati
69%
Lesotho
69%
South Korea
68%
Georgia
67%
Libya
67%
Egypt
66%
Grenada
66%
Zambia
66%
Moldova
64%
Serbia
63%
Barbados
61%
Iraq
61%
Slovakia
61%
Croatia
60%
Ecuador
60%
Gambia
60%
Honduras
60%
Qatar
56%
Eritrea
55%
Syria
55%
Greece
53%
Kosovo
53%
Gabon
50%
Laos
49%
Zimbabwe
49%
Haiti
48%
Belgium
47%
Kenya
46%
Luxembourg
45%
Cuba
40%
Kuwait
40%
Djibouti
39%
Israel
38%
Tonga
30%
Togo
22%
Fiji
21%
No matching quizzes found
Score Distribution
Percent of People with Each Score
Percentile by Number Answered
Your Score History
You have not taken this quiz